00462nam a2200157Ia 4500020001800000082001800018245003600036250000800072260003800080300001100118500005800129504001900187650003600206650001700242650004500259 a0-690-70890-4 aRR 423.1 ROG- 0aRoget's international thesaurus a3rd aNew YorkbThomas y. Crowellc1962 a1256p. acontents: Acc no. D7, (3rd ed.), (xxi,1258p.), (1962) aIncludes index aEnglish language - Dictionaries aDictionaries aEnglish language - Synonyms and antonyms